[Event "RSA-chT U20"]
[Site "Cape Town"]
[Date "2016.01.04"]
[Round "1.4"]
[White "Willenberg, Chad"]
[Black "Reddy, Truwen"]
[Result "1-0"]
[WhiteElo "1716"]
[BlackElo "1375"]
[PlyCount "66"]
[EventDate "2016.01.04"]
[EventType "team-tourn"]
[EventRounds "7"]
[EventCountry "RSA"]
[SourceTitle "CBM 170 Extra"]
[Source "ChessBase"]
[SourceDate "2016.02.25"]
[SourceVersion "1"]
[SourceVersionDate "2016.02.25"]
[SourceQuality "1"]
[WhiteTeam "Western Province"]
[BlackTeam "Ethekwini"]
[WhiteTeamCountry "RSA"]
[BlackTeamCountry "RSA"]

1. e4 c5 2. Nc3 d6 3. f4 g6 4. Nf3 Bg7 5. Bb5+ Bd7 6. Bxd7+ Nxd7 7. d3 e6 8. 0-0 Ne7 9. Qe1 a6 10. f5 0-0 11. fxe6 fxe6 12. Ng5 Bd4+ 13. Kh1 Rxf1+ 14. Qxf1 Qf8 15. Bd2 Qxf1+ 16. Rxf1 Rf8 17. Rf3 Rxf3 18. gxf3 Nf8 19. f4 h6 20. Nf3 Bg7 21. Kg2 Nc6 22. a3 b5 23. Kf2 Nd7 24. Nd1 Nb6 25. c3 a5 26. Nh4 Ne7 27. Be3 a4 28. e5 dxe5 29. Bxc5 Nbd5 30. fxe5 Bxe5 31. Nf3 Bc7 32. h3 Nf4 33. Nd4 Bd6 1-0